Central Library OPAC University of Rajshahi

The defense of Berlin / (Record no. 26534)

MARC details
000 -LEADER
fixed length control field 00761cam a22002531 4500
001 - CONTROL NUMBER
control field 26534
003 - CONTROL NUMBER IDENTIFIER
rucl marc code BD-RjUL
005 - DATE AND TIME OF LATEST TRANSACTION
control field 20211209051030.0
008 - FIXED-LENGTH DATA ELEMENTS--GENERAL INFORMATION
fixed length control field 140322t1963 mdub b 001 0 eng
035 ## - SYSTEM CONTROL NUMBER
System control number (BD-RjUL)26604
System control number (OCoLC)273118
040 ## - CATALOGING SOURCE
Original cataloging agency DLC
Transcribing agency ODaWU
Modifying agency OCoLC
-- DLC
-- BD-RjUL
Language of cataloging eng
041 ## - LANGUAGE CODE
Language code of text/sound track or separate title eng
082 00 - DEWEY DECIMAL CLASSIFICATION NUMBER
Classification number 943.155
Author mark and year SMD 1963
100 1# - MAIN ENTRY--PERSONAL NAME
Personal name Smith, Jean Edward.
9 (RLIN) 81618
245 14 - TITLE STATEMENT
Title The defense of Berlin /
Statement of responsibility, etc. Jean Edward smith
260 ## - PUBLICATION, DISTRIBUTION, ETC. (IMPRINT)
Place of publication, distribution, etc. Baltimore :
Name of publisher, distributor, etc. Johns Hopkins Press,
Date of publication, distribution, etc. 1963.
300 ## - PHYSICAL DESCRIPTION
Pagination ix, 431 p. :
Illustrations ill. fold. maps. ;
Size 24 cm.
504 ## - BIBLIOGRAPHY, ETC. NOTE
Bibliography, etc Includes bibliographical reference and index.
651 #0 - SUBJECT ADDED ENTRY--GEOGRAPHIC NAME
Geographic name Berlin (Germany)
General subdivision History
Chronological subdivision 1945-1990.
9 (RLIN) 79214
942 ## - ADDED ENTRY ELEMENTS (KOHA)
Source of classification or shelving scheme Dewey Decimal Classification
Koha item type Books
Holdings
Lost status Source of classification or shelving scheme Damaged status Not for loan Collection code Permanent Location Current Location Shelving location Date acquired Source of acquisition Cost, normal purchase price Total Checkouts Full call number Date last seen Copy number Koha item type
  Dewey Decimal Classification   Added to bundle Non-fiction Central Library, University of Rajshahi Central Library, University of Rajshahi Reading Room 28/02/1967 Book Centre 36.45   943.155 SMD 1963 22/03/2014 C-1 Books
  Dewey Decimal Classification     Non-fiction Central Library, University of Rajshahi Central Library, University of Rajshahi   09/01/1969 Zeitlinger 56.00   943.155 SMD 1963 22/03/2014 C-2 Books